Jules Isaac, un historien dans la grande guerre : Lettres et carnets, 1914-1917 (notice n° 1925750)
[ vue normale ]
| 000 -LEADER | |
|---|---|
| fixed length control field | 01414cam a2200145 4500500 |
| 005 - DATE AND TIME OF LATEST TRANSACTION | |
| control field | 20260329023236.0 |
| 041 ## - LANGUAGE CODE | |
| Language code of text/sound track or separate title | fre |
| 042 ## - AUTHENTICATION CODE | |
| Authentication code | dc |
| 100 10 - MAIN ENTRY--PERSONAL NAME | |
| Personal name | Isaac, Jules |
| Relator term | author |
| 245 00 - TITLE STATEMENT | |
| Title | Jules Isaac, un historien dans la grande guerre : Lettres et carnets, 1914-1917 |
| 260 ## - PUBLICATION, DISTRIBUTION, ETC. | |
| Name of publisher, distributor, etc. | Armand Colin,<br/> |
| Date of publication, distribution, etc. | 2004.<br/> |
| 520 ## - SUMMARY, ETC. | |
| Summary, etc. | Mobilisé en août 1914, à 37 ans, l’historien Jules Isaac partagea la vie des fantassins pendant plus de trente mois sur l’Aisne, en Champagne, à Verdun, avant d’être blessé et évacué de son observatoire de la forêt de Hesse, au-dessus de Vauquois, à la fin juin 1917. Pendant toute cette période, il échangea avec son épouse Laure une correspondance très régulière relatant sa vie au front, et la barbarie quotidienne à laquelle, comme tous ses camarades, il était confronté.Ces lettres inédites, poignantes et lucides, puisqu’elles témoignent à la fois d’une expérience personnelle et du regard de l’historien sur l’événement sont ici réunies pour la première fois. Un apport capital à la mémoire d’un conflit dans lequel on s’accorde à voir, à juste titre, la matrice du XXe siècle.Ouvrage réalisé avec le concours de l’Association des Amis de Jules Isaac. |
| 700 10 - ADDED ENTRY--PERSONAL NAME | |
| Personal name | Michel, Marc |
| Relator term | author |
| 856 41 - ELECTRONIC LOCATION AND ACCESS | |
| Uniform Resource Identifier | <a href="https://shs.cairn.info/jules-isaac-un-historien-dans-la-grande-guerre--9782200267315?lang=fr&redirect-ssocas=7080">https://shs.cairn.info/jules-isaac-un-historien-dans-la-grande-guerre--9782200267315?lang=fr&redirect-ssocas=7080</a> |
Pas d'exemplaire disponible.




Réseaux sociaux